| 000 | 02204nam a2200565 i 4500 | ||
|---|---|---|---|
| 001 | 4713 | ||
| 003 | KOSZ 005 | ||
| 005 | 20220802130526.0 | ||
| 008 | 220802s1991 pl a f 000 0 pol | ||
| 015 | _aUWD 1991/10259 | ||
| 020 | _a8321331521 | ||
| 020 | _a8321335470 | ||
| 035 | _a991002066689705066 | ||
| 035 | _a(PL-WaBN)b10575479-48omnis_nlop | ||
| 035 | _ab10575479 | ||
| 035 | _a(OCoLC)749206747 | ||
| 035 | _a(PL)b0000001057547 | ||
| 035 | _a(EXLNZ-48OMNIS_NETWORK)9910329987405606 | ||
| 040 |
_aWA N _cWA N _dKOSZ 005/RW |
||
| 046 | _k1991 | ||
| 080 | _a624.01/.07 | ||
| 080 | _a(075.8) | ||
| 100 | 1 |
_aKobiak, Jerzy _d(1919-1975) _eAutor |
|
| 245 | 1 | 0 |
_aKonstrukcje żelbetowe. _nT. 4 / _cJerzy Kobiak, Wiesław Stachurski ; t. niniejszy opracował całkowicie W. Stachurski ; [redakcja naukowa Andrzej Staniszewski] ; [recenzent prof. zw.dr hab. inż. Tadeusz Godycki-Ćwirko]. |
| 250 | _aWydanie 5 znowelizowane. | ||
| 260 |
_aWarszawa : _b"Arkady", _c1991. |
||
| 300 |
_a509, [3] stron : _bfotografie, rysunki, wykresy ; _c25 cm. |
||
| 336 |
_aTekst _btxt _2rdacontent |
||
| 337 |
_aBez urządzenia pośredniczącego _bn _2rdamedia |
||
| 338 |
_aWolumin _bnc _2rdacarrier |
||
| 380 | _aKsiążki | ||
| 380 | _aPublikacje fachowe | ||
| 380 | _aPublikacje dydaktyczne | ||
| 385 |
_mPoziom nauczania _aSzkoły wyższe |
||
| 388 | 1 | _a1901-2000 | |
| 388 | 1 | _a1989-2000 | |
| 504 | _aBibliografia przy rozdziałach. | ||
| 521 | 8 | _aKsiążka przeznaczona jest dla inżynierów projektantów oraz studentów wydziałów budowlanych wyższych szkół technicznych jako książka pomocnicza. | |
| 650 | 7 |
_aBudownictwo _2DBN |
|
| 650 | 7 | _aKonstrukcje żelbetowe | |
| 655 | 7 |
_aPodręczniki akademickie _2DBN |
|
| 658 | _aArchitektura i budownictwo | ||
| 700 | 1 |
_aStachurski, Wiesław _d(1926-2009) _eAutor |
|
| 700 | 1 |
_aStaniszewski, Andrzej _eRedakcja |
|
| 700 | 1 |
_aGodycki-Ćwirko, Tadeusz _d(1926-2020) _eRecenzja |
|
| 710 | 2 |
_aWydawnictwo Arkady _4pbl |
|
| 856 |
_uhttp://koha.tu.koszalin.pl/cgi-bin/koha/opac-detail.pl?biblionumber=4713 _yKatalog online BPK |
||
| 942 |
_2UKD _cKS |
||
| 999 |
_c4713 _d4713 |
||